México barroco : Puebla : Missa sobre el Beatus Vir de Fray Xacinto : Archivo Musical de la Basílica Catedral de la Puebla de los Angeles /

Guardat en:
Dades bibliogràfiques
Autor principal: Ximeno Pérez, Fabián (música)
Autor corporatiu: Angelicum de Puebla (ejecución musical)
Altres autors: Juárez Echenique, Benjamín (dirección musical y texto del folleto) (dirección musical y texto del folleto), Cárdenas, Rafael (ejecución musical) (ejecución musical), Escher, Ruth (voz) (voz), Gendron, Cécile (voz) (voz), Domínguez, Gabriela (voz) (voz), Ramírez, Eugenia (voz) (voz), Thierry, Gabriela (voz) (voz), Martínez, Rosa Elena (voz) (voz), Becerra, Flavio (voz) (voz), Gómez, Vladimir (voz) (voz), Juárez, Iván (voz) (voz), Carsi, Emilio (voz) (voz), Stanford, Thomas (transcripción y texto del folleto) (transcripción y texto del folleto)
Format: Audio
Idioma:llatí
Publicat: México : URTEXT, 1996, c1996
Col·lecció:(México Barroco)
Matèries:
Etiquetes: Afegir etiqueta
Sense etiquetes, Sigues el primer a etiquetar aquest registre!

MARC

LEADER 00000njm^a2200000^a^4500
001 000186637
005 20251020000000.0
009 20260310102233.329
037 |a Acervo ITESO - Biblioteca 
041 |a SON 
041 |a LAT 
082 |a 784. 04  |b BAR PUE V. 3 
100 |a Ximeno Pérez, Fabián  |e (música) 
240 1 1 |a [México barroco] 
240 1 1 |a [Missa sobre el Beatus Vir de Fray Xacinto] 
245 1 0 |a México barroco :  |b Puebla : Missa sobre el Beatus Vir de Fray Xacinto : Archivo Musical de la Basílica Catedral de la Puebla de los Angeles /  |c Música de F. Ximeno Pérez ; dir. de B. Juárez Echenique ; ejecución musical de Angelicum de Puebla ; órgano R. Cárdenas ; soprano R. Escher, C. Gendron, G. Domínguez, E. Ramírez ; mezzo-soprano G. Thierry, R.E. Martínez ; tenor F. Becerra, V. Gómez ; bajo I. Juárez, E. Carsi ; transcripción de T. Stanford ; texto del folleto de B. Juárez Echenique, T. Stanford ; tr. por Nelissa Caram, Ortolf Karla. 
264 4 |a México :  |b URTEXT,  |c 1996, c1996 
300 |a 1 disco compacto sonoro (49 min.) +  |e 1 folleto (48 p.) 
336 |a música interpretada  |b prm  |2 rdacontenido 
337 |a audio  |b s  |2 rdamedio 
338 |a disco sonoro  |b sd  |2 rdasoporte 
440 1 |a (México Barroco) 
546 |a Edición multilingüe (folleto) 
649 |a XX 
650 |a Catedrales -  |z Puebla (Ciudad) 
650 |a Organo Tubular 
650 |a Instrumentos de Viento 
650 |a Instrumentos Musicales 
650 |a Misa (Música) 
650 |a Música Sacra -  |z Puebla 
650 |a Música Sacra -  |z México 
650 |a Música Polifónica -  |z Puebla 
650 |a Música Polifónica -  |z México 
650 |a Música Virreinal -  |z Puebla 
650 |a Música Virreinal -  |z México 
650 |a Música Barroca -  |z Puebla 
650 |a Música Barroca -  |z México 
650 |a Música Vocal -  |z Puebla 
650 |a Música Vocal -  |z México 
650 |a Música de Concierto -  |z Puebla 
650 |a Música de Concierto -  |z México 
650 |a Música Mexicana -  |y Siglo XVII 
650 |a Ximeno Pérez, Fabián 
710 |a Angelicum de Puebla  |e (ejecución musical) 
700 |a Juárez Echenique, Benjamín  |e (dirección musical y texto del folleto) 
700 |a Cárdenas, Rafael  |e (ejecución musical) 
700 |a Escher, Ruth  |e (voz) 
700 |a Gendron, Cécile  |e (voz) 
700 |a Domínguez, Gabriela  |e (voz) 
700 |a Ramírez, Eugenia  |e (voz) 
700 |a Thierry, Gabriela  |e (voz) 
700 |a Martínez, Rosa Elena  |e (voz) 
700 |a Becerra, Flavio  |e (voz) 
700 |a Gómez, Vladimir  |e (voz) 
700 |a Juárez, Iván  |e (voz) 
700 |a Carsi, Emilio  |e (voz) 
700 |a Stanford, Thomas  |e (transcripción y texto del folleto) 
910 |a Fondo General 
920 |a Sonoros - CDs 
940 |a CDs de Música 
905 |a 401 
901 |a 0500128274  |b IT2  |c CDM  |u 20250521 
901 |a 0500128277  |b IT2  |c MIM  |u 20251020 
902 |a https://opac.biblio.iteso.mx/vufind/Record/000186637